000 01213cam a22003974i 4500
003 PE-LiUPU
005 20250731184534.0
008 150623s r 000 0 d
035 _a(Sirsi) a23774
040 _aPE-LiUPU
_bspa
_cPE-LiUPU
_erda
082 0 4 _a922.2
_bB14
_221
110 _aOpues Dei,
_eeditor.
_96228
245 0 0 _aRoma, 17 maggio 1992 :
_bBeatificazione di Josemaría Escrivá fondatore dell' Opus Dei.
264 1 _aRoma :
_bOpus Dei,
_c1992.
300 _a352 páginas :
_bilustraciones fotos ;
_c30 cm.
336 _atext
_2rdacontent
337 _aunmediated
_2rdamedia
338 _avolume
_2rdacarrier
505 0 _aInterviste e articoli del prelato dell'Opus Dei. -Articoli dell'Osservatore romano. -Interventi di cardinali, Arcivescovi e Vescovi.
526 _aP136
526 _aP135
526 _aP134
526 _aP133
526 _aP144
526 _aP143
526 _aP87
526 _aP35
526 _aP20
526 _aP14
526 _aP10
526 _aP06
600 1 _aEscrivá de Balaguer y Albás, Josemaría.
_d1902-1975
_xBeatificación
942 _2ddc
_cBK
999 _c24489
_d24489
980 _81
_gALBERTO SANCHEZ Responsable de Automatización